OPAC Home

පොදූ පෙරමුණු ආණ්ඬුව යටතේ කමිකරු පංතිය මුහුණ දෙන අන්තරායන් (Record no. 117168)

MARC details
000 -LEADER
fixed length control field 00580nam a2200157Ia 4500
003 - CONTROL NUMBER IDENTIFIER
control field LK-CoDNM
008 - FIXED-LENGTH DATA ELEMENTS--GENERAL INFORMATION
fixed length control field 010623t1995 xxu||||| |||| 00| 1 sin d
040 ## - CATALOGING SOURCE
Original cataloging agency LK-CoDNM
Modifying agency LK-CoDNM
Description conventions LK-CoDNM
041 ## - LANGUAGE CODE
Language code of text/sound track or separate title Sinhala; Sinhalese
942 ## - ADDED ENTRY ELEMENTS (KOHA)
Koha item type Books
100 ## - MAIN ENTRY--PERSONAL NAME
Personal name Dayas,Wijey
245 ## - TITLE STATEMENT
Title පොදූ පෙරමුණු ආණ්ඬුව යටතේ කමිකරු පංතිය මුහුණ දෙන අන්තරායන්
246 ## - VARYING FORM OF TITLE
Title proper/short title Podu Permunu Anduwa Yatathey Kamkaru Panthiya Muhunu Dena Anthrayan
260 ## - PUBLICATION, DISTRIBUTION, ETC. (IMPRINT)
Name of publisher, distributor, etc. Kamkaru Mawath Prakashanayak
Date of publication, distribution, etc. 1995
300 ## - PHYSICAL DESCRIPTION
Other physical details 47p.;21 cm cm
Holdings
Withdrawn status Lost status Damaged status Not for loan Collection code Permanent Location Current Location Date acquired Barcode Koha item type
        Monographs Library National Museum Colombo - Sri Lanka Library National Museum Colombo - Sri Lanka 2023-08-02 P21989 Books
Copyright © 2023 Department of National Museum, Colombo 07, Sri Lanka Funded by UNESCO IFAP UNESCO